Things Sam Cooke doesn't know much about - Statistics

General Stats
  • This quiz has been taken 18 times
  • The average score is 7 of 8
Answer Stats
% Correct
Don't know much about a {science} book
100%
Don't know much about {history}
100%
Don't know much about {biology}
94%
Don't know much about the {French} I took
94%
Don′t know much {trigonometry}
88%
Don't know what a slide {rule} is for
81%
Don′t know much about {algebra}
69%
Don't know much about {geography}
56%
No matching quizzes found
Score Distribution
Percent of People with Each Score
Percentile by Number Answered
Your Score History
You have not taken this quiz